Mecánica de fuidos

Bibliographic Details
Main Author: Binder, Raymond
Format: Section = Libro
Language:Undetermined
Spanish
Published: México Trillas 1978
Subjects:
LEADER 00410nam a2200169Ia 4500
008 240830s9999 xx 000 0 und d
040 |a CEDOC FIQ-RUSB / 532 B612. 
041 |a spa 
082 |a 532 B612. 
100 1 |a Binder, Raymond 
245 1 0 |a Mecánica de fuidos 
260 |a México  |b Trillas  |c 1978 
300 |a 494 p. : il. 
650 7 |a MECANICA DE FLUIDOS 
942 |c BK  |2 ddc 
991 |a TEXTO 
999 |c 13575